El imperio romano: desde Los Etruscos a la caída del imperio romano
Saved in:
| Hovedforfatter: | |
|---|---|
| Format: | Bog |
| Sprog: | spansk |
| Udgivet: |
Colonia
Taschen
1997
|
| Serier: | Colección Arquitectura Mundial de Taschen
|
| Fag: | |
| Tags: |
Tilføj Tag
Ingen Tags, Vær først til at tagge denne postø!
|
MARC
| LEADER | 00000nam a2200000 a 4500 | ||
|---|---|---|---|
| 001 | UCP1726 | ||
| 003 | CL-VaPUC | ||
| 008 | 990426e19970000GW |||||||||||||||||spa|d | ||
| 082 | 0 | 4 | |a 722.7 |b STI |2 21 |
| 100 | 0 | |a Stierlin, Henri |e author |9 427925 | |
| 245 | 1 | 3 | |a El imperio romano: desde Los Etruscos a la caída del imperio romano |
| 300 | |a 240 p | ||
| 942 | |c BK | ||
| 945 | |d 19990426 00:00:00 |a rbrito | ||
| 260 | |a Colonia |b Taschen |c 1997 | ||
| 650 | 0 | |a Arquitectura romana |9 314422 | |
| 650 | 0 | |a Historia |9 255047 | |
| 650 | 7 | |a TEMPLOS |2 CL-VaPUC |9 266644 | |
| 650 | 0 | |a Imperio Romano |9 322785 | |
| 650 | 0 | |a Arquitectura antigua |9 262616 | |
| 651 | 0 | |a Roma |9 255106 | |
| 583 | |a last modification |c 19990426 00:00:00 |k Rodrigo Vera | ||
| 490 | 0 | |a Colección Arquitectura Mundial de Taschen | |
| 999 | |c 280381 |d 280379 | ||
| 952 | |0 0 |1 0 |4 0 |6 722_700000000000000_STI_1997 |7 0 |8 A |9 320660 |a BIBHIS |b BIBHIS |d 2019-11-20 |i 3509346 |o 722.7 STI 1997 |p 3509346 |r 2025-01-20 |w 2019-11-20 |y BK |k HIS | ||